000
002690000a22000970004500
100
1
_a
Howard, David M.
245
1
0
_a
El costo de la obra misionera en Colombia
300
_a
Vol. 6, Num. 2 (Abril-Junio, 1996), Página 4
773
0
_t
Latin America Evangelist
942
_c
ANA
999
_c
54941
_d
54941